000 00390nam a2200169Ia 4500
001 27864
003 IN-NITTTR
005 20251114233346.0
008 251113s9999||||xx |||||||||||||| ||eng||
040 _beng
040 _cIN-NITTTR
041 _aeng
082 _a891.43301 Y1H
100 _aYadav, Rajendra
245 0 _aHasil aur anya kahaniyan /
_cYadav, Rajendra
942 _2ddc
_cBK
999 _c30492
_d30492